| 000 | 00657nam a2200217 u 4500 | ||
|---|---|---|---|
| 005 | 20240228064039.0 | ||
| 008 | 120815s1998 r 000 0 eng d | ||
| 020 | _a9788421697320 | ||
| 035 | _aUPN01000186196 | ||
| 049 | _aI | ||
| 050 | 4 |
_aPZ76.3 _bL6.72 |
|
| 100 | 1 |
_aLópez Escrivá, Ana, _d1967- _933312 |
|
| 245 | 1 | 0 |
_aRatona y elefante / _ccuento y dibujos Ana López Escrivá. |
| 260 |
_aMadrid : _bBruño, _c1998. |
||
| 300 |
_a28 p. : _bil. col. |
||
| 440 | 0 |
_aChiqui cuentos. _pA partir de 4 años |
|
| 650 | 4 |
_aLiteratura infantil española _95892 |
|
| 650 | 4 |
_aLibros y lectura para niños _92290 |
|
| 905 | _aInfantil | ||
| 999 |
_c158299 _d158299 |
||